[Event "DEM U16w 2024"]
[Site "Willingen GER"]
[Date "2024.05.22"]
[Round "5"]
[White "Reddi, Bhuvana"]
[Black "Haug, Mara"]
[Result "0-1"]
[Termination "normal"]
[Board "2"]
[WhiteElo "1826"]
[BlackElo "1871"]
[WhiteClock "00:02:15"]
[BlackClock "00:10:13"]
[PlyCount "62"]
[WhiteFideId "16287002"]
[BlackFideId "16259300"]
[EventCountry "GER"]
[EventRounds "9"]
[EventType "swiss"]
[EventDate "2024.05.18"]

1. e4 {[%clk 01:30:56]} {[%emt 00:00:04]} c5 {[%clk 01:30:52]} {[%emt
00:00:09]} 2. Nf3 {[%clk 01:31:18]} {[%emt 00:00:07]} Nc6 {[%clk 01:31:14]}
{[%emt 00:00:08]} 3. d4 {[%clk 01:31:42]} {[%emt 00:00:07]} cxd4 {[%clk
01:31:39]} {[%emt 00:00:04]} 4. Nxd4 {[%clk 01:32:08]} {[%emt 00:00:04]} g6
{[%clk 01:32:00]} {[%emt 00:00:10]} 5. Nb3 {[%clk 01:32:33]} {[%emt 00:00:04]}
Bg7 {[%clk 01:32:15]} {[%emt 00:00:15]} 6. Be2 {[%clk 01:32:59]} {[%emt
00:00:05]} Nf6 {[%clk 01:32:07]} {[%emt 00:00:38]} 7. Nc3 {[%clk 01:33:24]}
{[%emt 00:00:04]} O-O {[%clk 01:32:07]} {[%emt 00:00:30]} 8. h4 {[%clk
01:33:52]} {[%emt 00:00:02]} a6 {[%clk 01:17:11]} {[%emt 00:15:27]} 9. h5
{[%clk 01:34:09]} {[%emt 00:00:13]} b5 {[%clk 01:16:56]} {[%emt 00:00:44]} 10.
a3 {[%clk 01:33:04]} {[%emt 00:01:35]} d6 {[%clk 01:08:00]} {[%emt 00:09:27]}
11. Bg5 {[%clk 01:33:00]} {[%emt 00:00:34]} Ne5 {[%clk 01:02:32]} {[%emt
00:05:57]} 12. hxg6 {[%clk 01:18:03]} {[%emt 00:15:27]} fxg6 {[%clk 00:59:59]}
{[%emt 00:03:03]} 13. f3 {[%clk 01:16:49]} {[%emt 00:01:44]} Bd7 {[%clk
00:52:12]} {[%emt 00:08:17]} 14. Qd2 {[%clk 01:14:23]} {[%emt 00:02:56]} Rb8
{[%clk 00:46:45]} {[%emt 00:05:57]} 15. O-O-O {[%clk 01:00:24]} {[%emt
00:14:29]} Nc4 {[%clk 00:43:47]} {[%emt 00:03:28]} 16. Qe1 {[%clk 00:56:38]}
{[%emt 00:04:16]} Rf7 {[%clk 00:40:50]} {[%emt 00:03:27]} 17. Qh4 {[%clk
00:56:23]} {[%emt 00:00:45]} Bh8 {[%clk 00:35:54]} {[%emt 00:05:26]} 18. Nd2
{[%clk 00:54:05]} {[%emt 00:02:48]} Qc7 {[%clk 00:31:23]} {[%emt 00:05:00]} 19.
Nxc4 {[%clk 00:43:31]} {[%emt 00:11:06]} bxc4 {[%clk 00:30:33]} {[%emt
00:01:19]} 20. e5 {[%clk 00:43:28]} {[%emt 00:00:34]} dxe5 {[%clk 00:23:33]}
{[%emt 00:07:30]} 21. Bxc4 {[%clk 00:43:13]} {[%emt 00:00:45]} e6 {[%clk
00:23:36]} {[%emt 00:00:26]} 22. Bd3 {[%clk 00:41:25]} {[%emt 00:02:18]} e4
{[%clk 00:20:39]} {[%emt 00:03:28]} 23. fxe4 {[%clk 00:31:57]} {[%emt
00:09:57]} Nh5 {[%clk 00:19:13]} {[%emt 00:01:55]} 24. Qe1 {[%clk 00:10:44]}
{[%emt 00:21:43]} Qb6 {[%clk 00:16:51]} {[%emt 00:02:52]} 25. b3 {[%clk
00:08:39]} {[%emt 00:02:36]} Qc5 {[%clk 00:15:04]} {[%emt 00:02:15]} 26. Bc4
{[%clk 00:04:33]} {[%emt 00:04:39]} Qxg5+ {[%clk 00:14:52]} {[%emt 00:00:42]}
27. Kb1 {[%clk 00:04:31]} {[%emt 00:00:31]} Qe5 {[%clk 00:13:12]} {[%emt
00:02:08]} 28. Rd3 {[%clk 00:01:55]} {[%emt 00:03:08]} Bb5 {[%clk 00:11:00]}
{[%emt 00:02:42]} 29. Bxb5 {[%clk 00:01:44]} {[%emt 00:00:42]} axb5 {[%clk
00:11:16]} {[%emt 00:00:14]} 30. Qh4 {[%clk 00:01:58]} {[%emt 00:00:15]} Bf6
{[%clk 00:10:12]} {[%emt 00:01:33]} 31. Qe1 {[%clk 00:02:15]} {[%emt 00:00:15]}
Rc8 {[%clk 00:10:13]} {[%emt 00:00:27]} 0-1

[Event "DEM U16w 2024"]
[Site "Willingen GER"]
[Date "2024.05.22"]
[Round "5"]
[White "Fock, Madiha"]
[Black "Bräutigam, Katerina"]
[Result "0-1"]
[Termination "normal"]
[Board "3"]
[WhiteElo "1780"]
[BlackElo "1988"]
[WhiteClock "00:41:22"]
[BlackClock "00:12:19"]
[PlyCount "104"]
[WhiteFideId "16253574"]
[BlackFideId "16242980"]
[EventCountry "GER"]
[EventRounds "9"]
[EventType "swiss"]
[EventDate "2024.05.18"]

1. e4 {[%clk 01:30:58]} {[%emt 00:00:02]} e6 {[%clk 01:30:56]} {[%emt
00:00:05]} 2. d4 {[%clk 01:31:24]} {[%emt 00:00:03]} d5 {[%clk 01:31:22]}
{[%emt 00:00:03]} 3. Nd2 {[%clk 01:31:50]} {[%emt 00:00:06]} Nc6 {[%clk
01:31:46]} {[%emt 00:00:05]} 4. Ngf3 {[%clk 01:31:48]} {[%emt 00:00:32]} Nf6
{[%clk 01:32:07]} {[%emt 00:00:09]} 5. e5 {[%clk 01:31:52]} {[%emt 00:00:26]}
Nd7 {[%clk 01:32:32]} {[%emt 00:00:05]} 6. Be2 {[%clk 01:32:00]} {[%emt
00:00:22]} f6 {[%clk 01:32:55]} {[%emt 00:00:07]} 7. exf6 {[%clk 01:32:18]}
{[%emt 00:00:13]} Qxf6 {[%clk 01:33:19]} {[%emt 00:00:05]} 8. Nf1 {[%clk
01:32:43]} {[%emt 00:00:06]} Bd6 {[%clk 01:33:38]} {[%emt 00:00:10]} 9. Ne3
{[%clk 01:28:45]} {[%emt 00:04:28]} O-O {[%clk 01:33:54]} {[%emt 00:00:14]} 10.
O-O {[%clk 01:28:49]} {[%emt 00:00:26]} Qg6 {[%clk 01:34:03]} {[%emt 00:00:20]}
11. c4 {[%clk 01:24:53]} {[%emt 00:04:28]} Nf6 {[%clk 01:34:21]} {[%emt
00:00:10]} 12. c5 {[%clk 01:18:01]} {[%emt 00:07:23]} Be7 {[%clk 01:34:41]}
{[%emt 00:00:10]} 13. g3 {[%clk 01:15:16]} {[%emt 00:03:16]} Ne4 {[%clk
01:28:23]} {[%emt 00:06:47]} 14. Ng2 {[%clk 01:14:25]} {[%emt 00:01:21]} Qf6
{[%clk 01:13:05]} {[%emt 00:15:48]} 15. Be3 {[%clk 01:06:38]} {[%emt 00:08:17]}
Bd7 {[%clk 01:03:58]} {[%emt 00:09:36]} 16. h4 {[%clk 00:52:55]} {[%emt
00:14:13]} h6 {[%clk 00:56:07]} {[%emt 00:08:22]} 17. Nh2 {[%clk 00:50:17]}
{[%emt 00:03:08]} e5 {[%clk 00:46:38]} {[%emt 00:09:58]} 18. dxe5 {[%clk
00:47:21]} {[%emt 00:03:26]} Qxe5 {[%clk 00:46:54]} {[%emt 00:00:14]} 19. Bf4
{[%clk 00:47:10]} {[%emt 00:00:42]} Qd4 {[%clk 00:45:59]} {[%emt 00:01:24]} 20.
Nf3 {[%clk 00:41:52]} {[%emt 00:05:49]} Qxd1 {[%clk 00:35:34]} {[%emt
00:10:55]} 21. Raxd1 {[%clk 00:41:56]} {[%emt 00:00:25]} Rac8 {[%clk 00:31:23]}
{[%emt 00:04:41]} 22. Bc4 {[%clk 00:31:13]} {[%emt 00:11:13]} dxc4 {[%clk
00:26:44]} {[%emt 00:05:09]} 23. Rxd7 {[%clk 00:31:36]} {[%emt 00:00:08]} Bxc5
{[%clk 00:21:47]} {[%emt 00:05:26]} 24. Ne3 {[%clk 00:28:16]} {[%emt 00:03:50]}
Bd6 {[%clk 00:08:04]} {[%emt 00:14:14]} 25. Bxd6 {[%clk 00:21:01]} {[%emt
00:07:46]} cxd6 {[%clk 00:02:07]} {[%emt 00:06:25]} 26. Nh2 {[%clk 00:21:28]}
{[%emt 00:00:03]} b5 {[%clk 00:00:58]} {[%emt 00:01:40]} 27. Nd5 {[%clk
00:19:24]} {[%emt 00:02:33]} Rf7 {[%clk 00:00:44]} {[%emt 00:00:44]} 28. Rxf7
{[%clk 00:17:54]} {[%emt 00:02:01]} Kxf7 {[%clk 00:01:12]} {[%emt 00:00:01]}
29. Re1 {[%clk 00:18:23]} Nf6 {[%clk 00:00:36]} {[%emt 00:01:07]} 30. Nxf6
{[%clk 00:15:49]} {[%emt 00:03:05]} Kxf6 {[%clk 00:01:04]} {[%emt 00:00:02]}
31. Ng4+ {[%clk 00:16:09]} {[%emt 00:00:10]} Kf7 {[%clk 00:01:25]} {[%emt
00:00:08]} 32. Ne3 {[%clk 00:15:35]} {[%emt 00:01:04]} Ne5 {[%clk 00:00:46]}
{[%emt 00:01:09]} 33. Re2 {[%clk 00:15:18]} {[%emt 00:00:47]} Nd3 {[%clk
00:00:35]} {[%emt 00:00:41]} 34. Nd5 {[%clk 00:15:47]} {[%emt 00:00:01]} Kf8
{[%clk 00:00:35]} {[%emt 00:00:30]} 35. Kf1 {[%clk 00:15:31]} {[%emt 00:00:45]}
b4 {[%clk 00:00:38]} {[%emt 00:00:28]} 36. Rc2 {[%clk 00:13:28]} {[%emt
00:02:33]} Rc5 {[%clk 00:00:50]} {[%emt 00:00:17]} 37. Ne3 {[%clk 00:13:37]}
{[%emt 00:00:21]} d5 {[%clk 00:00:41]} {[%emt 00:00:40]} 38. Ke2 {[%clk
00:13:48]} {[%emt 00:00:18]} Kf7 {[%clk 00:00:43]} {[%emt 00:00:29]} 39. b3
{[%clk 00:12:57]} {[%emt 00:01:21]} cxb3 {[%clk 00:00:44]} {[%emt 00:00:29]}
40. axb3 {[%clk 00:13:22]} {[%emt 00:00:05]} Nc1+ {[%clk 00:00:36]} {[%emt
00:00:38]} 41. Kd1 {[%clk 00:10:57]} {[%emt 00:02:55]} Nxb3 {[%clk 00:00:34]}
{[%emt 00:00:31]} 42. Rxc5 {[%clk 00:09:21]} {[%emt 00:02:07]} Nxc5 {[%clk
00:00:49]} {[%emt 00:00:15]} 43. Nxd5 {[%clk 00:09:47]} {[%emt 00:00:05]} a5
{[%clk 00:00:33]} {[%emt 00:00:45]} 44. Kc2 {[%clk 00:10:08]} {[%emt 00:00:09]}
Ke6 {[%clk 00:24:35]} {[%emt 00:06:28]} 45. Ne3 {[%clk 00:40:18]} {[%emt
00:00:20]} a4 {[%clk 00:22:18]} {[%emt 00:02:46]} 46. Kb1 {[%clk 00:39:51]}
{[%emt 00:00:58]} Ne4 {[%clk 00:18:16]} {[%emt 00:04:31]} 47. Nc2 {[%clk
00:40:06]} {[%emt 00:00:15]} b3 {[%clk 00:17:58]} {[%emt 00:00:49]} 48. Nd4+
{[%clk 00:40:20]} {[%emt 00:00:16]} Kd5 {[%clk 00:16:53]} {[%emt 00:01:34]} 49.
Ne2 {[%clk 00:40:40]} {[%emt 00:00:10]} a3 {[%clk 00:16:00]} {[%emt 00:01:24]}
50. f3 {[%clk 00:40:50]} {[%emt 00:00:20]} Nd2+ {[%clk 00:15:33]} {[%emt
00:00:56]} 51. Kc1 {[%clk 00:40:55]} {[%emt 00:00:26]} b2+ {[%clk 00:12:14]}
{[%emt 00:03:49]} 52. Kxd2 {[%clk 00:41:22]} {[%emt 00:00:03]} a2 {[%clk
00:12:19]} {[%emt 00:00:24]} 0-1

[Event "DEM U16w 2024"]
[Site "Willingen GER"]
[Date "2024.05.22"]
[Round "5"]
[White "Müller, Riyanna"]
[Black "Bezsonna, Polina"]
[Result "1/2-1/2"]
[Termination "normal"]
[Board "4"]
[WhiteElo "1902"]
[BlackElo "1788"]
[WhiteClock "00:23:39"]
[BlackClock "00:16:39"]
[PlyCount "86"]
[WhiteFideId "16287401"]
[BlackFideId "14191156"]
[EventCountry "GER"]
[EventRounds "9"]
[EventType "swiss"]
[EventDate "2024.05.18"]

1. e4 {[%clk 01:30:57]} {[%emt 00:00:02]} c5 {[%clk 01:30:51]} {[%emt
00:00:10]} 2. c3 {[%clk 01:31:18]} {[%emt 00:00:09]} d5 {[%clk 01:31:10]}
{[%emt 00:00:11]} 3. exd5 {[%clk 01:31:31]} {[%emt 00:00:16]} Qxd5 {[%clk
01:31:36]} {[%emt 00:00:04]} 4. d4 {[%clk 01:31:51]} {[%emt 00:00:10]} Nc6
{[%clk 01:32:01]} {[%emt 00:00:06]} 5. Nf3 {[%clk 01:32:08]} {[%emt 00:00:12]}
Bf5 {[%clk 01:32:20]} {[%emt 00:00:12]} 6. Be3 {[%clk 01:31:39]} {[%emt
00:00:59]} cxd4 {[%clk 01:32:32]} {[%emt 00:00:18]} 7. cxd4 {[%clk 01:31:50]}
{[%emt 00:00:18]} Bxb1 {[%clk 01:32:39]} {[%emt 00:00:23]} 8. Rxb1 {[%clk
01:26:40]} {[%emt 00:05:41]} e6 {[%clk 01:32:26]} {[%emt 00:00:43]} 9. a3
{[%clk 01:26:16]} {[%emt 00:00:55]} Nf6 {[%clk 01:32:20]} {[%emt 00:00:35]} 10.
Bd3 {[%clk 01:25:54]} {[%emt 00:00:50]} Bd6 {[%clk 01:31:31]} {[%emt 00:01:21]}
11. O-O {[%clk 01:25:14]} {[%emt 00:01:09]} O-O {[%clk 01:31:26]} {[%emt
00:00:35]} 12. Re1 {[%clk 01:20:32]} {[%emt 00:05:12]} Rfd8 {[%clk 01:25:06]}
{[%emt 00:06:50]} 13. Bc2 {[%clk 01:19:26]} {[%emt 00:01:36]} Rac8 {[%clk
01:19:22]} {[%emt 00:06:14]} 14. Qd3 {[%clk 01:18:44]} {[%emt 00:01:12]} h6
{[%clk 01:14:42]} {[%emt 00:05:11]} 15. Rbd1 {[%clk 01:11:46]} {[%emt
00:07:28]} Ne7 {[%clk 01:06:25]} {[%emt 00:08:47]} 16. Ne5 {[%clk 01:05:36]}
{[%emt 00:06:39]} Bxe5 {[%clk 00:55:05]} {[%emt 00:11:50]} 17. dxe5 {[%clk
01:04:49]} {[%emt 00:01:18]} Qxd3 {[%clk 00:55:26]} {[%emt 00:00:09]} 18. Bxd3
{[%clk 01:03:23]} {[%emt 00:01:55]} Nfd5 {[%clk 00:55:31]} {[%emt 00:00:25]}
19. Bc1 {[%clk 01:01:30]} {[%emt 00:02:11]} Rc7 {[%clk 00:49:21]} {[%emt
00:06:52]} 20. f4 {[%clk 00:54:44]} {[%emt 00:07:15]} Rcd7 {[%clk 00:46:45]}
{[%emt 00:03:07]} 21. Bc2 {[%clk 00:46:26]} {[%emt 00:08:48]} Rc7 {[%clk
00:34:05]} {[%emt 00:13:11]} 22. Be4 {[%clk 00:42:48]} {[%emt 00:04:06]} Rcd7
{[%clk 00:24:19]} {[%emt 00:10:17]} 23. g4 {[%clk 00:40:44]} {[%emt 00:02:34]}
Nc6 {[%clk 00:22:07]} {[%emt 00:02:42]} 24. Bb1 {[%clk 00:32:13]} {[%emt
00:09:00]} Nde7 {[%clk 00:17:04]} {[%emt 00:05:34]} 25. Rxd7 {[%clk 00:31:56]}
{[%emt 00:00:47]} Rxd7 {[%clk 00:17:31]} {[%emt 00:00:04]} 26. Kf2 {[%clk
00:30:21]} {[%emt 00:02:02]} Kf8 {[%clk 00:14:57]} {[%emt 00:03:07]} 27. Be3
{[%clk 00:25:00]} {[%emt 00:05:50]} Nd5 {[%clk 00:12:51]} {[%emt 00:02:36]} 28.
Bc5+ {[%clk 00:24:27]} {[%emt 00:01:03]} Kg8 {[%clk 00:10:11]} {[%emt
00:03:10]} 29. f5 {[%clk 00:22:57]} {[%emt 00:02:01]} Nce7 {[%clk 00:05:12]}
{[%emt 00:05:29]} 30. Bxa7 {[%clk 00:09:56]} {[%emt 00:13:31]} Nf4 {[%clk
00:04:30]} {[%emt 00:01:11]} 31. Be3 {[%clk 00:09:39]} {[%emt 00:00:48]} Nd3+
{[%clk 00:04:07]} {[%emt 00:00:53]} 32. Bxd3 {[%clk 00:10:01]} {[%emt
00:00:07]} Rxd3 {[%clk 00:04:32]} {[%emt 00:00:05]} 33. fxe6 {[%clk 00:09:10]}
{[%emt 00:01:21]} fxe6 {[%clk 00:05:01]} {[%emt 00:00:02]} 34. Kf3 {[%clk
00:09:09]} {[%emt 00:00:30]} Rb3 {[%clk 00:04:20]} {[%emt 00:01:11]} 35. Re2
{[%clk 00:08:02]} {[%emt 00:01:37]} Nd5 {[%clk 00:04:09]} {[%emt 00:00:41]} 36.
Ke4 {[%clk 00:08:16]} {[%emt 00:00:11]} Nxe3 {[%clk 00:04:28]} {[%emt
00:00:16]} 37. Rxe3 {[%clk 00:08:43]} {[%emt 00:00:03]} Rxb2 {[%clk 00:04:51]}
{[%emt 00:00:07]} 38. h3 {[%clk 00:09:04]} Kf8 {[%clk 00:01:03]} {[%emt
00:04:28]} 39. Kd4 {[%clk 00:04:12]} {[%emt 00:01:31]} Ke7 40. Kc3 {[%emt
00:04:56]} Rb6 {[%emt 00:01:36]} 41. Kc4 {[%clk 00:25:45]} {[%emt 00:04:55]}
Rb2 {[%clk 00:21:42]} 42. a4 {[%clk 00:25:45]} Kd7 {[%clk 00:21:42]} {[%emt
00:13:41]} 43. a5 {[%clk 00:23:39]} Ra2 {[%clk 00:16:39]} {[%emt 00:08:09]}
1/2-1/2

[Event "DEM U16w 2024"]
[Site "Willingen GER"]
[Date "2024.05.22"]
[Round "5"]
[White "Moldovan, Tatiana"]
[Black "Jacobasch, Ronja"]
[Result "1-0"]
[Termination "normal"]
[Board "5"]
[WhiteElo "1708"]
[BlackElo "1813"]
[WhiteClock "00:46:01"]
[BlackClock "00:01:42"]
[PlyCount "119"]
[WhiteFideId "16287398"]
[BlackFideId "34604340"]
[EventCountry "GER"]
[EventRounds "9"]
[EventType "swiss"]
[EventDate "2024.05.18"]

1. e4 {[%clk 01:30:53]} {[%emt 00:00:06]} d6 {[%clk 01:30:56]} {[%emt
00:00:05]} 2. d4 {[%clk 01:31:15]} {[%emt 00:00:07]} Nf6 {[%clk 01:31:21]}
{[%emt 00:00:06]} 3. Nc3 {[%clk 01:31:38]} {[%emt 00:00:07]} g6 {[%clk
01:31:42]} {[%emt 00:00:09]} 4. Be3 {[%clk 01:32:01]} {[%emt 00:00:06]} Bg7
{[%clk 01:32:02]} {[%emt 00:00:10]} 5. Qd2 {[%clk 01:32:21]} {[%emt 00:00:10]}
O-O {[%clk 01:29:49]} {[%emt 00:02:44]} 6. Bc4 {[%clk 01:30:20]} {[%emt
00:02:30]} Nxe4 {[%clk 01:26:17]} {[%emt 00:04:02]} 7. Bxf7+ {[%clk 01:30:18]}
{[%emt 00:00:32]} Rxf7 {[%clk 01:26:26]} {[%emt 00:00:22]} 8. Nxe4 {[%clk
01:30:39]} {[%emt 00:00:09]} Bf5 {[%clk 01:08:20]} {[%emt 00:18:36]} 9. Ng3
{[%clk 01:29:02]} {[%emt 00:02:07]} Nd7 {[%clk 01:06:15]} {[%emt 00:02:34]} 10.
N1e2 {[%clk 01:27:40]} {[%emt 00:01:52]} Nb6 {[%clk 01:03:29]} {[%emt
00:03:16]} 11. Nxf5 {[%clk 01:19:03]} {[%emt 00:09:06]} Rxf5 {[%clk 01:02:44]}
{[%emt 00:01:16]} 12. b3 {[%clk 01:15:24]} {[%emt 00:04:10]} Qf8 {[%clk
00:53:20]} {[%emt 00:09:53]} 13. Ng3 {[%clk 01:10:02]} {[%emt 00:05:52]} Rf7
{[%clk 00:52:51]} {[%emt 00:00:59]} 14. O-O {[%clk 01:10:00]} {[%emt 00:00:32]}
e5 {[%clk 00:48:41]} {[%emt 00:04:40]} 15. Rae1 {[%clk 01:08:33]} {[%emt
00:01:56]} Nd5 {[%clk 00:43:12]} {[%emt 00:06:00]} 16. dxe5 {[%clk 01:04:02]}
{[%emt 00:05:01]} Nxe3 {[%clk 00:42:41]} {[%emt 00:01:02]} 17. e6 {[%clk
01:03:41]} {[%emt 00:00:50]} Nxf1 {[%clk 00:40:35]} {[%emt 00:02:35]} 18. exf7+
{[%clk 01:04:04]} {[%emt 00:00:08]} Qxf7 {[%clk 00:40:51]} {[%emt 00:00:14]}
19. Nxf1 {[%clk 01:03:48]} {[%emt 00:00:45]} Rf8 {[%clk 00:33:02]} {[%emt
00:08:19]} 20. f3 {[%clk 01:03:35]} {[%emt 00:00:43]} Be5 {[%clk 00:29:23]}
{[%emt 00:04:10]} 21. Re4 {[%clk 01:01:13]} {[%emt 00:02:51]} b6 {[%clk
00:25:54]} {[%emt 00:04:00]} 22. Ne3 {[%clk 00:53:19]} {[%emt 00:08:23]} Bf4
{[%clk 00:20:57]} {[%emt 00:05:27]} 23. Qd4 {[%clk 00:47:53]} {[%emt 00:05:56]}
c5 {[%clk 00:18:23]} {[%emt 00:03:04]} 24. Qd3 {[%clk 00:43:00]} {[%emt
00:05:24]} Re8 {[%clk 00:15:14]} {[%emt 00:03:38]} 25. Nd5 {[%clk 00:36:55]}
{[%emt 00:06:35]} Be5 {[%clk 00:14:26]} {[%emt 00:01:19]} 26. c4 {[%clk
00:34:59]} {[%emt 00:02:25]} Qf5 {[%clk 00:12:27]} {[%emt 00:02:29]} 27. Kh1
{[%clk 00:32:03]} {[%emt 00:03:26]} Kf7 {[%clk 00:11:20]} {[%emt 00:01:37]} 28.
Qe2 {[%clk 00:29:16]} {[%emt 00:03:17]} g5 {[%clk 00:07:12]} {[%emt 00:04:38]}
29. g3 {[%clk 00:26:04]} {[%emt 00:03:42]} Re6 {[%clk 00:06:37]} {[%emt
00:01:06]} 30. f4 {[%clk 00:21:51]} {[%emt 00:04:42]} gxf4 {[%clk 00:06:33]}
{[%emt 00:00:34]} 31. gxf4 {[%clk 00:21:47]} {[%emt 00:00:34]} Bd4 {[%clk
00:06:04]} {[%emt 00:00:58]} 32. Rxe6 {[%clk 00:21:39]} {[%emt 00:00:38]} Qxe6
{[%clk 00:06:29]} {[%emt 00:00:06]} 33. Qxe6+ {[%clk 00:21:28]} {[%emt
00:00:41]} Kxe6 {[%clk 00:06:55]} {[%emt 00:00:05]} 34. Kg2 {[%clk 00:21:40]}
{[%emt 00:00:17]} Kf5 {[%clk 00:05:58]} {[%emt 00:01:27]} 35. Kf3 {[%clk
00:22:01]} {[%emt 00:00:09]} Ke6 {[%clk 00:04:25]} {[%emt 00:02:02]} 36. Ke4
{[%clk 00:22:07]} {[%emt 00:00:24]} Bf2 {[%clk 00:02:58]} {[%emt 00:01:58]} 37.
Nc7+ {[%clk 00:21:55]} {[%emt 00:00:42]} Kd7 {[%clk 00:02:48]} {[%emt
00:00:41]} 38. Nb5 {[%clk 00:21:03]} {[%emt 00:01:21]} a6 {[%clk 00:02:50]}
{[%emt 00:00:29]} 39. Nc3 {[%clk 00:21:22]} {[%emt 00:00:10]} Bh4 {[%clk
00:01:28]} {[%emt 00:01:52]} 40. Kd5 {[%clk 00:21:09]} {[%emt 00:00:42]} Be7
{[%clk 00:01:06]} {[%emt 00:00:53]} 41. Ne4 {[%clk 00:21:23]} {[%emt 00:00:15]}
h6 {[%clk 00:15:00]} {[%emt 00:16:37]} 42. h3 {[%clk 00:50:27]} {[%emt
00:01:25]} Bh4 {[%clk 00:10:32]} {[%emt 00:04:58]} 43. Nxd6 {[%clk 00:50:45]}
{[%emt 00:00:12]} Bg3 {[%clk 00:10:52]} {[%emt 00:00:10]} 44. Ke5 {[%clk
00:48:09]} {[%emt 00:03:07]} Bxf4+ {[%clk 00:10:50]} {[%emt 00:00:33]} 45. Kxf4
{[%clk 00:48:31]} {[%emt 00:00:07]} Kxd6 {[%clk 00:11:18]} {[%emt 00:00:03]}
46. Kf5 {[%clk 00:48:55]} {[%emt 00:00:06]} h5 {[%clk 00:07:32]} {[%emt
00:04:15]} 47. h4 {[%clk 00:49:16]} {[%emt 00:00:10]} b5 {[%clk 00:06:23]}
{[%emt 00:01:39]} 48. Kf6 {[%clk 00:49:22]} {[%emt 00:00:23]} Kd7 {[%clk
00:02:18]} {[%emt 00:04:35]} 49. Ke5 {[%clk 00:49:14]} {[%emt 00:00:38]} Kc6
{[%clk 00:02:16]} {[%emt 00:00:32]} 50. Ke6 {[%clk 00:49:12]} {[%emt 00:00:32]}
Kb6 {[%clk 00:01:11]} {[%emt 00:01:35]} 51. a3 {[%clk 00:43:13]} {[%emt
00:06:30]} Kc6 {[%clk 00:00:49]} {[%emt 00:00:52]} 52. Ke5 {[%clk 00:43:34]}
{[%emt 00:00:08]} a5 {[%clk 00:00:37]} {[%emt 00:00:42]} 53. a4 {[%clk
00:43:23]} {[%emt 00:00:40]} bxa4 {[%clk 00:00:35]} {[%emt 00:00:33]} 54. bxa4
{[%clk 00:43:48]} {[%emt 00:00:04]} Kd7 {[%clk 00:00:55]} {[%emt 00:00:11]} 55.
Kd5 {[%clk 00:44:11]} {[%emt 00:00:07]} Ke7 {[%clk 00:00:45]} {[%emt 00:00:41]}
56. Kxc5 {[%clk 00:44:36]} {[%emt 00:00:05]} Kd7 {[%clk 00:00:49]} {[%emt
00:00:25]} 57. Kd5 {[%clk 00:44:56]} {[%emt 00:00:10]} Kc7 {[%clk 00:01:01]}
{[%emt 00:00:19]} 58. Kc5 {[%clk 00:45:22]} {[%emt 00:00:04]} Kd7 {[%clk
00:01:23]} {[%emt 00:00:07]} 59. Kb6 {[%clk 00:45:47]} {[%emt 00:00:05]} Kc8
{[%clk 00:01:42]} {[%emt 00:00:11]} 60. Kc6 {[%clk 00:46:01]} {[%emt 00:00:16]}
1-0